000 00438nas a22001457a 4500
999 _c1247
_d1247
008 130313t19949999bl ||||| |||| 00| 0 por d
245 _aPsiquiatria Biologica
260 _aSão Paulo:
_bAssociação Brasileira de Psiquiatria Biologica,
_c1994
300 _av. :
310 _acuatrimestral
546 _aportugues
590 _aExistencias: 1994 2(1) BAJA DEPOSITO (CAJA 21) MAYO 2019
650 _aPSIQUIATRIA
_91910
942 _2ddc
_cCR